Situación y evolución social. (Registro nro. 764)

Detalles MARC
000 -LEADER
fixed length control field 01277 am a2200337 a 4500
005 - FECHA ULTIMA MODIFICACION
control field 20240627105554.0
008 - CAMPO DE CONTROL (LIBRO)
fixed length control field 100927s1995||||ag d f |||| 001 0 spa d
020 ## - INTERNATIONAL STANDARD BOOK NUMBER
ISBN S/N
041 ## - CODIGO DE IDIOMA
Código de idioma del texto/pista de sonido o título separado spa
092 ## - SIGNATURA TOPOGRAFICA DEWEY LOCAL
número de clasificación 304
libristica 39
sección IND
110 1# - ENTRADA PRINCIPAL-AUTOR CORPORATIVO
Nombre de la institución, jurisdicción como entrada principal INDEC
Unidad subordinada Ministerio de Economía, Obras y Servicios Públicos
-- Secretaria de Programación Económica.
Información adicional Instituto Nacional de Estadisticas y Censos
9 (RLIN) 1512
245 ## - TITULO PROPIAMENTE DICHO
Título Situación y evolución social.
Subtítulo y Título paralelo N°2 Síntesis /
Mención de responsabilidad y remanente de la transcripción de la portada INDEC.
250 ## - MENCION DE EDICION
Mención de edición 1a ed.
260 ## - PIE DE IMPRENTA
Lugar de publicación, distribución, etc Buenos Aires:
Nombre de la editorial, distribuidor, etc INDEC;
Fecha de publicación 1995.
300 ## - DESCRIPCION FISICA
Extension 301 p.
Otros detalles físicos il. Cuadros y Gráficos
500 ## - NOTA GENERAL
Nota general INDEC. Ministerio de Economía y Obras y Servicios Públicos. Secretaria de Programación Económica. (1995). Situación y evolución social. N°2 Síntesis. (1a ed.). Buenos Aires : INDEC.
653 ## - TÉRMINO INDIZADO - PALABRAS CLAVES
Palabra clave Analisis y comentarios sobre evolución y situación social
653 ## - TÉRMINO INDIZADO - PALABRAS CLAVES
Palabra clave Dinámica y estructura de la población
653 ## - TÉRMINO INDIZADO - PALABRAS CLAVES
Palabra clave Familias y hogares
653 ## - TÉRMINO INDIZADO - PALABRAS CLAVES
Palabra clave Vivienda y saneamiento ambiental
653 ## - TÉRMINO INDIZADO - PALABRAS CLAVES
Palabra clave Salud
653 ## - TÉRMINO INDIZADO - PALABRAS CLAVES
Palabra clave Educación
653 ## - TÉRMINO INDIZADO - PALABRAS CLAVES
Palabra clave Trabajo
653 ## - TÉRMINO INDIZADO - PALABRAS CLAVES
Palabra clave Ingresos
653 ## - TÉRMINO INDIZADO - PALABRAS CLAVES
Palabra clave Seguridad y asistencia social
653 ## - TÉRMINO INDIZADO - PALABRAS CLAVES
Palabra clave Seguridad pública
653 ## - TÉRMINO INDIZADO - PALABRAS CLAVES
Palabra clave Participación electoral
653 ## - TÉRMINO INDIZADO - PALABRAS CLAVES
Palabra clave Tiempo libre
930 ## - NUMERO DE INVENTARIO
Número de inventario 209
942 ## - ADDED ENTRY ELEMENTS (KOHA)
Source of classification or shelving scheme Dewey Decimal Classification
Item type Libros
Existencias
Estado de retiro Existencia Estado general No para prestamo Ubicación permanente ubicación actual Sala de ubicación Fecha de adquisición Total Checkouts Número de clasificación Código de barras Date last seen Número de ejemplar Price effective from Koha tipo de elemento (item)
        Biblioteca Medicina Biblioteca Medicina Circulación 13/05/2011   304 39 IND 209 06/11/2014 ej.1 13/05/2011 Libros

UNIVERSIDAD NACIONAL DEL COMAHUE
Biblioteca de la Facultad de Ciencias Médicas
Sede Toschi: Los Arrayanes y Av. Toschi, Cipolletti  - Rio Negro
Sede Los Tordos:  Yrigoyen al 2211, Cipolletti - Rio Negro 

Teléfono: 0299 - 4774707 int 25
Contacto: biblioteca@facimed.uncoma.edu.ar
© 2011 - 2026